| 000 | 00740nam a22002057a 4500 | ||
|---|---|---|---|
| 005 | 20100813115918.0 | ||
| 010 | _aENG-100462 | ||
| 020 |
_c34.00 _a9788172087289 |
||
| 035 | _aEN-83995 | ||
| 037 | _bDBAD/PUB | ||
| 082 | _a230.35 | ||
| 100 |
_aSai, Baba _913391 |
||
| 245 |
_aPrasanthi Vahini: _cby Sai baba _b(the supreme bliss of divine) / |
||
| 260 |
_aPrasanthi Nilayam _bSai Sathya Sai Sadhana Trust Publications _c2009 |
||
| 270 |
_aPrasanthi Nilayam _bPrasanthi Nilayam _e515134 |
||
| 300 |
_a88p. _c21cm (pbk) _bill |
||
| 700 | _913048 | ||
| 942 |
_2ddc _cEN _h230.35 _mSAI |
||
| 999 |
_c41911 _d41911 |
||